|
|
|
|
| LEADER |
00000cam a2200000 a 4500 |
| 001 |
UCC7555 |
| 003 |
CL-VaPUC |
| 008 |
190412e20160000mx |||||||||||||||||spa|d |
| 020 |
|
|
|a 9786076227923
|
| 082 |
0 |
4 |
|a 005.369
|b VAL
|2 21
|
| 100 |
0 |
|
|a Valle, Enrique del
|e author
|9 602198
|
| 245 |
1 |
0 |
|a Google AdWords: trucos y estrategias para el éxito. Nivel avanzado
|
| 250 |
|
|
|a 1a. ed
|
| 300 |
|
|
|a 343 p
|
| 942 |
|
|
|c BK
|
| 945 |
|
|
|d 20190412 13:45:00
|a dcastane
|
| 260 |
|
|
|a Cuernavaca
|b Alfaomega
|c 2016
|
| 650 |
|
0 |
|a Software computacional
|9 384784
|
| 650 |
|
0 |
|a Programas de computadores
|9 260046
|
| 650 |
|
0 |
|a Bases de datos
|9 260577
|
| 583 |
|
|
|a last modification
|c 20190412 13:45:00
|k Rodrigo Vera
|
| 999 |
|
|
|c 374167
|d 374165
|
| 952 |
|
|
|0 0
|1 0
|3 erb
|4 0
|6 005_369000000000000_VAL_2016
|7 0
|8 A
|9 492629
|a BIBING
|b BIBING
|i 5542537
|l 1
|o 005.369 VAL 2016
|p 5542537
|r 2025-01-20
|s 2023-11-08
|w 2019-11-24
|y BK
|z Catalogado en:20190412
|k CCI
|
| 952 |
|
|
|0 0
|1 0
|3 erb
|4 0
|6 005_369000000000000_VAL_2016
|7 0
|8 A
|9 492630
|a BIBING
|b BIBING
|i 5542529
|l 1
|o 005.369 VAL 2016
|p 5542529
|r 2025-05-05
|s 2025-04-25
|w 2019-11-24
|y BK
|z Catalogado en:20190412
|k CCI
|
| 952 |
|
|
|0 0
|1 0
|3 erb
|4 0
|6 005_369000000000000_VAL_2016
|7 0
|8 A
|9 492631
|a BIBING
|b BIBING
|i 5542510
|o 005.369 VAL 2016
|p 5542510
|r 2025-01-20
|w 2019-11-24
|y BK
|z Catalogado en:20190412
|k CCI
|